Name an Australian Bird by Family: Level 1 - Statistics

General Stats
  • This quiz has been taken 19 times
  • The average score is 67 of 92
Answer Stats
Family Scientific Name # Species Example % Correct
Gannets & Boobies Sulidae 4 Australasian Gannet
100%
Grebes Podicipedidae 3 Australasian Grebe
100%
Ibises & Spoonbills Plataleidae 5 Australian White Ibis
100%
Geese, Swans & Ducks Anatidae 21 Australian Wood Duck
100%
Falcons Falconidae 6 Nankeen Kestrel
100%
Honeyeaters & Chats Meliphagidae 73 Noisy Miner
100%
Gulls & Terns Laridae 23 Silver Gull
100%
Cockatoos Cacatuidae 14 Sulphur-crested Cockatoo
100%
Frogmouths Podargidae 3 Tawny Frogmouth
100%
Albatrosses Diomedeidae 9 Wandering Albatross
100%
Herons & allies Ardeidae 14 White-faced Heron
100%
Fantails Rhipiduridae 6 Willie Wagtail
100%
Darters Anhingidae 1 Australasian Darter
93%
Pelicans Pelecanidae 1 Australian Pelican
93%
Ravens & Crows Corvidae 5 Australian Raven
93%
Kites & allies Accipitridae 17 Black Kite
93%
Cranes Gruidae 2 Brolga
93%
Cassowaries & Emus Casuariidae 2 Emu
93%
Sparrows Passeridae 2 House Sparrow
93%
Kingfishers Alcedinidae 10 Laughing Kookaburra
93%
Cormorants Phalacrocoracidae 5 Little Black Cormorant
93%
Penguins Spheniscidae 1 Little Penguin
93%
Magpie Geese Anseranatidae 1 Magpie Goose
93%
Parrots Psittacidae 40 Rainbow Lorikeet
93%
Bowerbirds Ptilonorhynchidae 10 Satin Bowerbird
93%
Painted Snipe Rostratulidae 1 Australian Painted-Snipe
86%
Barn Owls Tytonidae 5 Barn Owl
86%
Cuckoos & Coucals Cuculidae 13 Channel-billed Cuckoo
86%
Starlings & Mynas Sturnidae 3 Common Myna
86%
Grass-finches & allies Ploceidae 19 Double-barred Finch
86%
Osprey Pandionidae 1 Eastern Osprey
86%
Robins Petroicidae 21 Jacky Winter
86%
Monarch Flycatchers Monarchidae 14 Magpie-lark
86%
Plains-wanderers Pedionomidae 1 Plains-wanderer
86%
Bee-eaters Meropidae 1 Rainbow Bee-eater
86%
Pigeons & Doves Columbidae 25 Rock Dove
86%
Pardalotes Pardalotidae 4 Striated Pardalote
86%
Swallows & Martins Hirundinidae 6 Welcome Swallow
86%
Megapodes Megapodiidae 3 Australian Brush-turkey
79%
Bustards Otididae 1 Australian Bustard
79%
Plovers & allies Charadriidae 14 Masked Lapwing
79%
Skuas & Jaegers Stercorariidae 5 Parasitic Jaeger
79%
Oystercatchers Haematopodidae 2 Pied Oystercatcher
79%
Rails & allies Rallidae 14 Purple Swamphen
79%
Sandpipers & allies Scolopacidae 29 Sharp-tailed Sandpiper
79%
Lyrebirds Menuridae 2 Superb Lyrebird
79%
Orioles & Figbirds Oriolidae 3 Australasian Figbird
71%
Woodswallows & allies Artamidae 14 Australian Magpie
71%
Cuckoo-shrikes & Trillers Campephagidae 7 Black-faced Cuckoo-shrike
71%
Quails & Pheasants Phasianidae 9* Brown Quail
71%
Whipbirds & allies Cinclosomatidae 9 Eastern Whipbird
71%
Shrike-thrushes & Whistlers Pachycephalidae 12 Golden Whistler
71%
Frigatebirds Fregatidae 2 Lesser Frigatebird
71%
Pittas Pittidae 3 Noisy Pitta
71%
Stilts & Avocets Recurvirostridae 3 Pied Stilt
71%
Drongos Dicruridae 1 Spangled Drongo
71%
Treecreepers Climacteridae 6 White-throated Treecreeper
71%
Pipits & Wagtails Motacillidae 2 Australasian Pipit
64%
Logrunners & Chowchillas Orthonychidae 2 Australian Logrunner
64%
Stone-curlews Burhinidae 2 Bush Stone-curlew
64%
White-eyes Zosteropidae 3 Silvereye
64%
Australasian Wrens Maluridae 20 Superb Fairy-wren
64%
Thornbills & allies Acanthizidae 40 White-browed Scrubwren
64%
Swiftlets & Swifts Apodidae 5 White-throated Needletail
64%
Storks Ciconiidae 1 Black-necked Stork
57%
Jacanas Jacanidae 1 Comb-crested Jacana
57%
Thrushes Muscicapidae 4 Common Blackbird
57%
Button-quails Turnicidae 7 Little Button-quail
57%
Rollers Coraciidae 1 Oriental Dollarbird
57%
Tropicbirds Phaethontidae 2 Red-tailed Tropicbird
57%
Sittellas Neosittidae 1 Varied Sittella
57%
Petrels & Shearwaters Procellaridae 30 Wedge-tailed Shearwater
57%
Storm-Petrels Oceanitidae 6 Wilson's Storm-Petrel
57%
Owlet-nightjars Aegothelidae 1 Australian Owlet-nightjar
50%
Pratincoles Glareolidae 2 Australian Pratincole
50%
Bellbirds Oreoicidae 1 Crested Bellbird
50%
Bristlebirds Dasyornithidae 3 Eastern Bristlebird
50%
Birds of Paradise Paradisaeidae 4 Paradise Riflebird
50%
Phalaropes Phalaropodidae 2 Red-necked Phalarope
50%
Hawk Owls Strigidae 5 Southern Boobook
50%
Scrub-birds Atrichornithidae 2 Rufous Scrub-bird
43%
Old World Larks Alaudidae 4 Singing Bushlark
43%
Babblers Pomatostomidae 4 White-browed Babbler
43%
Mud-nesters Corcoracidae 2 White-winged Chough
43%
Shrike-tits Falcunculidae 1 Crested Shrike-tit
36%
True Finches Fringillidae 2 European Goldfinch
36%
Old World Warblers Sylviidae 6 Golden-headed Cisticola
36%
Flowerpeckers Dicaeidae 1 Mistletoebird
36%
Bulbuls Pycnonotidae 1 Red-whiskered Bulbul
36%
Nightjars Caprimulgidae 3 Spotted Nightjar
36%
Sunbirds Nectariniidae 1 Yellow-bellied Sunbird
36%
Diving-Petrels Pelecanoididae 1 Common Diving-Petrel
21%
No matching quizzes found
Score Distribution
Percent of People with Each Score
Percentile by Number Answered
Your Score History
You have not taken this quiz